LIBRARY & INFORMATION CENTRE, KCAET, TAVANUR

ONLINE PUBLIC ACCESS CATALOGUE (OPAC)

Soil and plant analysis labourtary manual / (Record no. 13092)

MARC details
000 -LEADER
fixed length control field 00507cam a2200193ua 4500
041 ## - LANGUAGE CODE
Language code of text/sound track or separate title eng
082 ## - DEWEY DECIMAL CLASSIFICATION NUMBER
Classification number 631.41
Item number RYA/SO
100 ## - MAIN ENTRY--AUTHOR NAME
Personal name Riyan , Jihn .
245 ## - TITLE STATEMENT
Title Soil and plant analysis labourtary manual /
250 ## - EDITION STATEMENT
Edition statement 2 /
260 ## - PUBLICATION, DISTRIBUTION, ETC. (IMPRINT)
Place of publication Jodpur :
Name of publisher Scientific publications ,
Year of publication 2007.
300 ## - PHYSICAL DESCRIPTION
Number of Pages 172 ;
Accompanying material `.
700 1# - ADDED ENTRY--PERSONAL NAME
Personal name George, Abdul Rshid .
942 ## - ADDED ENTRY ELEMENTS (KOHA)
Koha item type Books
Holdings
Withdrawn status Lost status Damaged status Home library Current library Date acquired Full call number Accession Number Koha item type
      KAUAET KAUAET 07/04/2012 631.41 21531 Books
free website counter